| 000 | 005790000a22001930004500 | ||
|---|---|---|---|
| 003 | LK-CoMWRAF | ||
| 005 | 20231120151437.0 | ||
| 008 | 230817t2004 ||||| |||| 00| 0 eng d | ||
| 040 |
_aLK-CoMWRAF _dLK-CoMWRAF _eLK-CoMWRAF |
||
| 041 | _aeng | ||
| 082 |
_a305.42 _bWOM |
||
| 245 |
_aWomen's agenda in the UN: _bto Beijing and beyond |
||
| 260 |
_aLahore: _bShirkat Gah, _c2004 |
||
| 300 |
_a90 p. : ill. ; 25 cm. _bBibliography included |
||
| 650 | _aWomen -- Government Policy -- Pakistan | ||
| 700 |
_aShaheed, farida _ecomp. |
||
| 700 |
_aHamdani, Insha _ecomp. |
||
| 942 | _cBK | ||
| 999 |
_c3088 _d3088 |
||